| 000 | 00764pam a2200265 a 4500 | ||
|---|---|---|---|
| 001 | 2404128 | ||
| 003 | NUST-PNEC | ||
| 005 | 20170116181022.0 | ||
| 008 | 860123s1986 nyua b 001 0 eng | ||
| 010 | _a 86000331 | ||
| 020 | _a0534954200 | ||
| 040 |
_aDLC _cLIBRARY |
||
| 050 | 0 | 0 |
_aQC320 _b.K7 1986 |
| 082 | 0 | 0 | _a621.4022 KRE |
| 100 | 1 | _aKreith, Frank. | |
| 245 | 1 | 0 |
_aPrinciples of heat transfer _cFrank Kreith |
| 250 |
_a5th ed. _bFrank Kreith, Mark S. Bohn. |
||
| 260 |
_aNew York : _bHarper & Row, _cc.1997 |
||
| 300 |
_axviii, 700 p. : _bill. ; _c24 cm. |
||
| 504 | _aIncludes bibliographies and index. | ||
| 650 | 0 |
_aHeat _xTransmission. - ME |
|
| 700 | 1 | _aBohn, Mark. | |
| 906 |
_a7 _bcbc _corignew _d1 _eocip _f19 _gy-gencatlg |
||
| 942 |
_2ddc _cBK |
||
| 999 |
_c67438 _d67438 |
||